Guess the song from Jala Brat and Buba Corelli by text #4 - Statistics

General Stats
  • This quiz has been taken 29 times
  • The average score is 15 of 44
Answer Stats
Hint Answer % Correct
Miris skanka, do jutra budna na dva grama Bude lampa, na njeno lice svako se lako nasanka.... Nema bolje
82%
Ne zanima je veza malo bi se zezala Malo je kontraverzna, pogledom me svezala.... O kako ne bi
82%
Nosi Pradu, puši Sobranie, zbog nje sam skoro zalutao
Vozi Brabus, dvjesto na satu, zbog nje sam se slupao....
Coco
77%
Hoodie kamuflaž, mirišem na Amouage (Woah) Napucaj se kô nikad, pa se skini da mi daš (Woah).... Goodfellas
68%
I kad bi oči sklopila, u noći tmurnoj i besanojK'o na žaru led bi se topila, opijena ljubiš me nestvarno.... Otrove
64%
Pozira za Vogue, prozirna kô hologram Level je GOAT, stoji mi kô Loui monogram.... Punta Cana
64%
Tako si dobra, morô sam da pitam Šta radiš noćas, hoćeš sa mnom da se vozaš?.... Dokaz
59%
Gubim ti glas u tami dok padam sa prijestolja Glumim i ne dramim, raspadam se bez bola.... Noc
59%
Kaže doći će me glave i da nikad nisam bio spreman na to Moja braća noćas slave, a ja pijan iza čekam da prevrnem sto.... Partijam
55%
Djevojko izvini, al' mami me dupe to IPhoneom moram snimit', to što radiš dupetom.... Casino
50%
Mala crna ko Gana, pogled njen me reže ko katana Na njoj sve je Dolce & Gabbana.... Marakesh
50%
Kada bi imô kô snimit dok si luda i mlada Ako jednom ću biti neka to bude odmah i sada.... LaMelo
45%
Zovem je Irina Shayk, je, a to dupe gori i kada obuče NajkeA ja udaram kô Majk, je, vozi me kô bike, je.... Gasira
41%
Niko ne gleda isto od kad imam pun sef Ona gleda me pristojno, a želimo isto.... O.D.D.D.
41%
Svi kontaju da me mogu platit' A sve što želim jeste samo da se kući vratim.... Film
36%
Moj Benz je nov, spušten krov, čuje uzdahe, yeahGud*a diže u zrak i ne pušta me, yeah.... Hakimi
36%
Za šankom sjedi ona, zovu je crna dama Niko ne smije da priđe njoj, mala pleše sama.... Hladnokrvna ubica
36%
A, mala pleše k'o da je*o sam je ja Ti si ta, da si moja to niko ne mora da zna Izmedju nas
36%
Ja ne pričam s policija, Bosnia, Italia Konto pun je, ja mafijam.... La Muria
36%
Bebo, bebo, bebo, nemoj da mi padaš down, ye Dođi tu do mene, 'ajde osjeti moj vibe, ye.... Moskva
36%
Njoj je suđeno da leti a ja jedva stojim Možda bolje je da idem, tebi treba bolji.... Nesudjena ljubav....
36%
Jer ove noći traju duže nego što si mislila, mala Vratit ćes se opet da ti skinem.... Balmain
32%
Nisam mislio da ljudi žele da me vide dole na dnu Po gradu jer pravdu kupuju novcem gdje doslovce ukradu nadu.... Borba
32%
EASY EASY
32%
HARD HARD
27%
Otvori prozor na kant (yeah) Na tebi se sve topi kao na lavi santa.... Magija
27%
MEDIUM MEDIUM
27%
Ona pije samo Moet i svi pitaju ko je ta Druge je se boje, nisu joj ni do koljena.... Skandal
27%
I, srećo, nikad nikom' nisam prišao ovako Kad gledam te, u prsima me steže.... To me radi
27%
A sad se noću lupa sa drugim u gradu A ja te čekam samo da mi te ukradu.... Futura
23%
IMPOSSIBLE IMPOSSIBLE
23%
Šta da radim sada, garant neka banda Već je pola 2, a od murije ni traga.... Pljacka usred kvarta
23%
Možete li meni išta vi? Što si ti tako tih, možda bi trebô vrištati?.... 007
18%
Šalje mi klip, vidi mi drip, mami, ja sam taj, moj je beatCrni džip, sad te vozi kroz kraj, nije trip.... Adrenalina
18%
Prije nisam to znao, u ljudima vidit' zloSve što mi je Bog dao, uzim'o zdravo za gotovo Budi musko
14%
Žеlje snovi nema ničeg, žеna lova to su priče Umjesto ruža iz betona bol niče.... Lice ulice
14%
Kada ostanemo do kasno, sve joj bude jasnoReci da je ne volim, ko' prije.... Marijana
14%
Da l' si ikada mene voljela kao tebe ja, da l' si ikada? Sto hiljada da l' si ikada, mila, vidjela? Nisi nikada.... Trci
14%
Ovdje svi gledaju da, prežive dan kako znaju i moguŽivot tjera te da ostaneš jak, ništa ne obara me s nogu To je moj grad
9%
Upadamo na Kibin beat mi, ne možеš prici vidi mi živi zidImam speed ti sto krivi vid... Frenkie i Buba Corelli
5%
Da loše sve sam probô, mješô alkohol s bobom Plesô sam sa đavolom, sa halom kô sa govnom.... Necu stat
5%
Skupe se svi jarani, ponoć najbolji vakat S*anje mrvi se, pali, Rajvosa k'o Jamajka.... Pada magla
5%
Svaki dan isto gledam, ista priča, sto problema Sto dilera, sto ubistva, sto posto anđela nema.... Samo cujem
5%
Zapalim tamno rozi kô Albarossi Na vakat grozni, Bože, pomozi.... U komsiluku
5%
No matching quizzes found
Score Distribution
Percent of People with Each Score
Percentile by Number Answered
Your Score History
You have not taken this quiz